000 00883nam a2200253 a 4500
001 BRCA_6005
005 20190320205309.0
008 310311s1752----fr-a######---#000-0#fre-#
041 _afre
044 _afr
050 4 _aTA144
_b.B56 1752
100 1 _aBion, N.
_d1652-1733
_915168
245 1 0 _aTraité de la construction et des principaux usages des instrumens de mathématique
_bavec les figures necessaires pour l’intelligence de ce traite. Dedie au Roy
_cpar N. Bion.
250 _a4
260 _aParís
_bCh. A. Jombert et Nion Fils
_c1752
300 _a448 p.
_bil., 38 láminas
_c26 cm.
500 _aEstado físico: hoja 7 y 8 rotas
500 _aG115
650 1 4 _aIngeniería civil
_yTrabajos anteriores a 1850
_915169
650 1 4 _aIngeniería
_xInstrumentos
_915170
650 1 4 _aGeometría
_yTrabajos anteriores a 1850
_915171
902 _aGFM
942 _2lcc
_cB
999 _c5694
_d5694